[Event "AUT-chT2W 1011"]
[Site "Austria"]
[Date "2010.11.27"]
[Round "5"]
[White "Poettinger, Harald"]
[Black "Pilz, Dieter"]
[Result "1/2-1/2"]
[WhiteElo "2202"]
[BlackElo "2323"]
[PlyCount "126"]
[EventDate "2010.10.15"]
[EventType "team-tourn"]
[EventRounds "11"]
[EventCountry "AUT"]
[SourceTitle "EXT 2012"]
[Source "ChessBase"]
[SourceDate "2011.11.24"]
[SourceVersion "1"]
[SourceVersionDate "2011.11.24"]
[SourceQuality "1"]
[WhiteTeam "Bregenz"]
[BlackTeam "Absam"]
[WhiteTeamCountry "AUT"]
[BlackTeamCountry "AUT"]

1. c4 e5 2. g3 Nf6 3. Bg2 Nc6 4. Nc3 Bc5 5. e3 0-0 6. Nge2 d6 7. d4 Bb6 8. 0-0 h6 9. h3 Re8 10. d5 Ne7 11. e4 a6 12. Qd3 Ng6 13. Kh2 c6 14. dxc6 bxc6 15. b3 Bb7 16. Ba3 Bc7 17. Rad1 Qc8 18. c5 d5 19. exd5 e4 20. Nxe4 Nxd5 21. N4c3 a5 22. Rfe1 Ne5 23. Qd2 Qf5 24. Nd4 Qh5 25. Nxd5 cxd5 26. Qe2 Qg6 27. Qc2 Qf6 28. Bb2 Rad8 29. f4 Ng6 30. Nb5 Qc6 31. Nxc7 Qxc7 32. Qf2 Rxe1 33. Rxe1 Nf8 34. Qd4 Ne6 35. Qe5 Qxe5 36. Bxe5 Nxc5 37. Rd1 Rc8 38. Rc1 f6 39. Bd4 Ne4 40. Rxc8+ Bxc8 41. Bb6 a4 42. bxa4 Kf7 43. Bd4 Ba6 44. f5 Ke7 45. Bxe4 dxe4 46. Bc5+ Kf7 47. g4 h5 48. Kg3 hxg4 49. hxg4 g6 50. Kf4 Bb7 51. a5 gxf5 52. gxf5 Ke8 53. Bd4 Kd7 54. Bxf6 Bd5 55. Bd4 Kc8 56. a6 Kb8 57. a3 Ka8 58. Ke5 Bc4 59. f6 e3 60. Bxe3 Bb3 61. Kd6 Ba2 62. Ke7 Bb3 63. f7 Bxf7 1/2-1/2

[Event "AUT-chT2W 0910"]
[Site "Austria"]
[Date "2010.03.12"]
[Round "9.3"]
[White "Kleissl, Helmut"]
[Black "Poettinger, Harald"]
[Result "1-0"]
[WhiteElo "2271"]
[BlackElo "2196"]
[PlyCount "45"]
[EventDate "2009.10.23"]
[EventType "team-tourn"]
[EventRounds "11"]
[EventCountry "AUT"]
[SourceTitle "EXT 2011"]
[Source "ChessBase"]
[SourceDate "2010.11.26"]
[SourceVersion "1"]
[SourceVersionDate "2010.11.26"]
[SourceQuality "1"]
[WhiteTeam "Jenbach II"]
[BlackTeam "Bregenz"]
[WhiteTeamCountry "AUT"]
[BlackTeamCountry "AUT"]

1. d4 d6 2. Nf3 g6 3. c4 Bg7 4. Nc3 Bg4 5. e3 c5 6. Be2 cxd4 7. exd4 Nh6 8. 0-0 Nf5 9. d5 Nd7 10. Bd2 0-0 11. Rc1 Rc8 12. b3 a6 13. Re1 Nc5 14. Ng5 Bxe2 15. Qxe2 Re8 16. Nce4 Qd7 17. Bc3 Nxe4 18. Nxe4 e5 19. dxe6 fxe6 20. g4 Nd4 21. Bxd4 Bxd4 22. Rcd1 Be5 23. f4 1-0

[Event "AUT-chT2W 0910"]
[Site "Austria"]
[Date "2010.01.30"]
[Round "7.3"]
[White "Poettinger, Harald"]
[Black "Dovzik, Juri"]
[Result "1/2-1/2"]
[WhiteElo "2196"]
[BlackElo "2365"]
[PlyCount "61"]
[EventDate "2009.10.23"]
[EventType "team-tourn"]
[EventRounds "11"]
[EventCountry "AUT"]
[SourceTitle "EXT 2011"]
[Source "ChessBase"]
[SourceDate "2010.11.26"]
[SourceVersion "1"]
[SourceVersionDate "2010.11.26"]
[SourceQuality "1"]
[WhiteTeam "Bregenz"]
[BlackTeam "Ranshofen"]
[WhiteTeamCountry "AUT"]
[BlackTeamCountry "AUT"]

1. c4 c5 2. g3 Nc6 3. Bg2 g6 4. e3 Bg7 5. Ne2 e5 6. b3 Nge7 7. Bb2 0-0 8. Nbc3 d6 9. 0-0 Rb8 10. d3 a6 11. a4 Be6 12. Rb1 d5 13. e4 dxe4 14. dxe4 Nd4 15. Nd5 Nec6 16. Nxd4 Nxd4 17. Ba3 Rc8 18. b4 cxb4 19. Rxb4 Bxd5 20. exd5 Re8 21. Qd3 Qe7 22. d6 Qxd6 23. Rxb7 Ne2+ 24. Qxe2 Qxa3 25. Bd5 Re7 26. Rxe7 Qxe7 27. Rb1 Rc7 28. Rb6 a5 29. Rb5 Ra7 30. Qe3 Bf8 31. Kg2 1/2-1/2